00334nam a2200145Ia 4500003000900000008004100009040001300050040001300063100002300076245005700099250001000156260000800166300000800174490000600182IT-RoPAU120407s9999 xx 000 0 und d aIT-RoPAU cIT-RoPAU aAlfredo Marranzini aGiuseppe Moscati modello del laico cristiano di oggi aRoma  aAve c cm v1